| 000 | 00916nam a22002177a 4500 | ||
|---|---|---|---|
| 999 |
_c4580 _d4580 |
||
| 003 | AR-CdUCM | ||
| 008 | 190311b ||||| |||| 00| 0 spa d | ||
| 040 |
_aMUNICIPALIDAD PROVINCIAL DEL CUSCO _cBIBLIOTECA MUNICIPAL DEL CUSCO |
||
| 082 |
_a869.62 / _bQ7 _22ed. |
||
| 100 |
_aQuintero, Rafael _914311 |
||
| 245 |
_aEl mito del populismo en el Ecuador : _bAnálisis de los fundamentos del Estado ecuatoriano moderno (1895-1934) / |
||
| 260 |
_aQuito : _bUniversidad central del Ecuador, _c1983. |
||
| 300 |
_a386 páginas ; _c22 cm. |
||
| 505 | _aContenido: Estado y clases sociales (1895-1934) -- Análisis de los fundamento del surgimiento del "Velasquismo" (1930-1934). | ||
| 650 |
_aPopulismo en ecuador _914312 |
||
| 650 |
_aClases sociales en Ecuador _914313 |
||
| 650 |
_aGobierno, política y economía en Ecuador _914314 |
||
| 650 |
_aLiteratura ecuatoriana _911889 |
||
| 942 |
_2ddc _cLIBROS |
||
| 945 | _acmm | ||